[Event "IECC O email"]
[Site "IECC email"]
[Date "1999.04.28"]
[Round "?"]
[White "Million, Ken"]
[Black "Kemerling, Ken"]
[Result "0-1"]
[WhiteElo "1060"]
[BlackElo "1094"]
[PlyCount "100"]
[EventDate "1999.??.??"]
[EventType "tourn (corr)"]
[EventRounds "6"]
[SourceTitle "Corr 2008"]
[Source "ChessBase"]
[SourceDate "2008.06.24"]
[SourceVersion "1"]
[SourceVersionDate "2008.06.24"]
[SourceQuality "1"]

1. e4 e5 2. Nf3 d6 3. d4 Bg4 4. Be2 Bxf3 5. Bxf3 exd4 6. Qxd4 Nc6 7. Qe3 Qd7 8. Nc3 0-0-0 9. Nd5 Kb8 10. a3 Re8 11. 0-0 Nge7 12. c4 Nf5 13. Qc3 Nfd4 14. Re1 f5 15. Qd3 Nxf3+ 16. Qxf3 Nd4 17. Qd3 c5 18. b4 fxe4 19. Rxe4 Rxe4 20. Qxe4 Nb3 21. Rb1 Nxc1 22. Rxc1 cxb4 23. axb4 g6 24. b5 Bh6 25. Rd1 Re8 26. Qf3 Qe6 27. g3 Bg5 28. h4 Bd8 29. Kg2 Qe4 30. Qxe4 Rxe4 31. Rd2 Bc7 32. Nxc7 Kxc7 33. Rc2 Kb6 34. f3 Re8 35. f4 a5 36. bxa6 bxa6 37. Kf3 a5 38. Rb2+ Kc6 39. g4 a4 40. f5 gxf5 41. gxf5 Ra8 42. f6 Kc5 43. Kf4 Kxc4 44. Kf5 a3 45. Rc2+ Kb3 46. Rd2 a2 47. Rxa2 Rxa2 48. Ke6 Rf2 49. Kxd6 Rxf6+ 50. Ke5 Rh6 0-1